Bibliotecas de Bogotá (Registro nro. 68887)

Detalles MARC
000 -ENCABEZADO
Número de control [NR] 01215nam a22002537a 4500
008 - DE LONGITUD FIJA DE DATOS DE ELEMENTOS - INFORMACIÓN GENERAL
Elementos de longitud fija [NR] 130821s2008 ck ao gr spa
020 ## - NUMERO INTERNACIONAL NORMALIZADO PARA LIBROS [R]
Número Internacional Normalizado del libro [NR] 9789584426905
040 ## - FUENTE DE CATALOGACION [NR]
Agencia de catalogación original [NR] Co-BoUCM
Idioma de catalogación [NR] spa
041 00 - CODIGO DE IDIOMA [R]
Código de idioma para texto/pista de sonido o título separado [R] Español
110 1# - ASIENTO PRINCIPAL--NOMBRE CORPORATIVO [NR]
Nombre corporativo o de jurisdicción como elemento de entrada [NR] Bogotá.
Unidad subordinada [R] Alcaldía Mayor.
-- Secretaría de Cultura, Recreación y Deporte
ID de autoridad 59641
245 10 - MENCION DE TITULO [NR]
Título [NR] Bibliotecas de Bogotá
Mención de responsabilidad, etc. [NR] Secretaría de Cultura, Recreación y Deporte ; textos de Arturo Guerrero ; fotografías de Carlos Mario Lema ; prólogo de Carlos José Reyes
260 ## - PUBLICACION, DISTRIBUCION, ETC. (PIE DE IMPRENTA) [R]
Lugar de publicación, distribución, etc. [R] Bogotá (Colombia)
Nombre del editor, distribuidor, etc. [R] Taller de Edición Rocca
Fecha de publicación, distribución, etc. [R] 2008
300 ## - DESCRIPCION FISICA [R]
Extensión [R] 253 páginas
Otros detalles físicos [NR] fotografías
500 ## - NOTA GENERAL [R]
Nota general [NR] Bibliotecas especializadas. Bibliotecas comunitarias. Grandes bibliotecas. Universidades y Colegios. Directorio. Sobre autores.
650 04 - ASIENTO SECUNDARIO DE MATERIA - TERMINO TEMATICO [R]
Término temático o nombre geográfico como elemento de entrada [NR] Bibliotecas universitarias
Subdivisión geográfica [R] Bogotá (Colombia)
Subdivisión de forma [R] Fotografías
9 (RLIN) 10043
650 04 - ASIENTO SECUNDARIO DE MATERIA - TERMINO TEMATICO [R]
Término temático o nombre geográfico como elemento de entrada [NR] Bibliotecas
Subdivisión geográfica [R] Bogotá (Colombia)
9 (RLIN) 7339
650 04 - ASIENTO SECUNDARIO DE MATERIA - TERMINO TEMATICO [R]
Término temático o nombre geográfico como elemento de entrada [NR] Bibliotecas
Subdivisión geográfica [R] Bogotá (Colombia)
Subdivisión de forma [R] Fotografías
9 (RLIN) 7339
650 04 - ASIENTO SECUNDARIO DE MATERIA - TERMINO TEMATICO [R]
Término temático o nombre geográfico como elemento de entrada [NR] Bibliotecología
9 (RLIN) 10049
700 1# - ASIENTO SECUNDARIO - NOMBRE PERSONAL [R]
Nombre personal [NR] Guerrero, Arturo
9 (RLIN) 158982
700 1# - ASIENTO SECUNDARIO - NOMBRE PERSONAL [R]
Nombre personal [NR] Lema, Carlos Mario
Término de relación [R]
9 (RLIN) 167265
700 1# - ASIENTO SECUNDARIO - NOMBRE PERSONAL [R]
Nombre personal [NR] Reyes, Carlos José
Término de relación [R]
9 (RLIN) 66563
942 ## - ELEMENTOS DE ENTRADA AGREGADOS (KOHA)
Tipo de ítem principal el descrito en 300a Libro
Tema principal Generalidades
Edición 1
Parte restante de la signatura top. B675b
Sistema de clasificación DEWEY
Clasificación 027.086142
Existencias
Fecha de último préstamo Total préstamos Signatura topográfica Código de barras Última vez visto Ejemplar Price effective from Tipo de ítem Nota pública (OPAC) Perdido Sistema de clasificación Dañado No prestable Tipo de ítem específico Suprimido Ubicación habitual Ubicación actual Localización Fecha de creación Forma de adquisición Costo
12/12/2025 2 027.086142 B675b 100123897 14/01/2026 Ej.2 03/02/2013 Libro Spot de bibliotecología   DEWEY     Libro   Claustro Claustro Oficina CRAI 19/02/2013 Donación 26000.00